Biografia znalostí - kvalitatívny prístup skúmania firemnej dynamiky znalostí

Kvalitatívny výskum a jeho využitie v regionálnom výskume. Spoľahlivosť a presnosť kvalitatívneho výskumu. Metodológia skúmania dynamiky znalostí - biografia znalostí. Ilustrácia krokov identifikovania aktérov biografie znalostí. Od analýzy k syntéze v kvalitatívnom výskume - metodologické aspekty....

Descrizione completa

Salvato in:
Dettagli Bibliografici
Autore principale: Buček, Milan
Altri autori: Rehák, Štefan, 1974-, Hudec, Oto
Natura: Capitolo di libro
Lingua:slovacco
Soggetti:
Tags: Aggiungi Tag
Nessun Tag, puoi essere il primo ad aggiungerne!!

MARC

LEADER 00000nla$a2200000$$$4500
001 0127742
005 20240513083757.4
041 0 |a slo 
044 |a SK 
245 1 0 |a Biografia znalostí - kvalitatívny prístup skúmania firemnej dynamiky znalostí  |c Milan Buček, Štefan Rehák, Oto Hudec 
520 |a Kvalitatívny výskum a jeho využitie v regionálnom výskume. Spoľahlivosť a presnosť kvalitatívneho výskumu. Metodológia skúmania dynamiky znalostí - biografia znalostí. Ilustrácia krokov identifikovania aktérov biografie znalostí. Od analýzy k syntéze v kvalitatívnom výskume - metodologické aspekty. Príklady kategorizácie internej a externej dynamiky vo firme a mimo firmy. 
610 2 0 |a výskum 
610 2 0 |a metodológia 
610 2 0 |a vedomosti 
610 2 0 |a firmy 
610 2 0 |a regióny 
610 2 0 |a analýzy 
100 1 |a Buček, Milan 
700 1 |a Rehák, Štefan, 1974- 
700 1 |a Hudec, Oto